000 00331nam a22001457a 4500
008 210302b ||||| |||| 00| 0 eng d
020 _a0030866375
041 _aeng
080 _a53
082 _a53
100 _a43
101 _aFIZ
245 _aModern Science Forces, Change and the Universe
_cBlanc, S.S
942 _2udc
_cBK
999 _c55525
_d55525